| 000 -LEADER |
| fixed length control field |
01109nam a22003497a 4500 |
| 001 - CONTROL NUMBER |
| control field |
29913774 |
| 003 - CONTROL NUMBER IDENTIFIER |
| control field |
KWIU |
| 005 - DATE AND TIME OF LATEST TRANSACTION |
| control field |
20241223114321.0 |
| 008 - FIXED-LENGTH DATA ELEMENTS--GENERAL INFORMATION |
| fixed length control field |
980429n1994 xx u001 0 eng u |
| 010 ## - LIBRARY OF CONGRESS CONTROL NUMBER |
| LC control number |
94000955 |
| 020 ## - INTERNATIONAL STANDARD BOOK NUMBER |
| International Standard Book Number |
9789352709878 |
| 025 ## - OVERSEAS ACQUISITION NUMBER |
| Overseas acquisition number |
000000081230 |
| 040 ## - CATALOGING SOURCE |
| Original cataloging agency |
DNLM/DLC |
| Transcribing agency |
DLC |
| Language of cataloging |
eng |
| 041 ## - LANGUAGE CODE |
| Language code of text/sound track or separate title |
eng |
| 049 ## - LOCAL HOLDINGS (OCLC) |
| Holding library |
VZYMN, VZYM |
| 080 ## - UNIVERSAL DECIMAL CLASSIFICATION NUMBER |
| Universal Decimal Classification number |
616 |
| Item number |
O-88 |
| 100 1# - MAIN ENTRY--PERSONAL NAME |
| Personal name |
O'Sullivan, Susan B. |
| 245 10 - TITLE STATEMENT |
| Title |
Physical rehabilitation : |
| Statement of responsibility, etc. |
/ by F.A. Davis Company |
| 250 ## - EDITION STATEMENT |
| Edition statement |
7rd edition |
| 260 ## - PUBLICATION, DISTRIBUTION, ETC. |
| Place of publication, distribution, etc. |
Philadelphia |
| Name of publisher, distributor, etc. |
F.A. Davis Company |
| Date of publication, distribution, etc. |
c2019 |
| 300 ## - PHYSICAL DESCRIPTION |
| Extent |
xiii, 1476 p. |
| Other physical details |
ill. |
| 504 ## - BIBLIOGRAPHY, ETC. NOTE |
| Bibliography, etc. note |
Includes bibliographical references and index. |
| 650 #2 - SUBJECT ADDED ENTRY--TOPICAL TERM |
| Topical term or geographic name entry element |
Physical Therapy |
| General subdivision |
methods. |
| 650 #0 - SUBJECT ADDED ENTRY--TOPICAL TERM |
| Topical term or geographic name entry element |
Physical Medicine |
| 9 (RLIN) |
673 |
| 650 #2 - SUBJECT ADDED ENTRY--TOPICAL TERM |
| Topical term or geographic name entry element |
Disability Evaluation. |
| 650 #2 - SUBJECT ADDED ENTRY--TOPICAL TERM |
| Topical term or geographic name entry element |
Orthopedic Equipment. |
| 653 ## - INDEX TERM--UNCONTROLLED |
| Uncontrolled term |
ფიზიკური მედიცინა |
| 653 ## - INDEX TERM--UNCONTROLLED |
| Uncontrolled term |
ფიზიკური თერაპია |
| 653 ## - INDEX TERM--UNCONTROLLED |
| Uncontrolled term |
ფიზიკური შეზღუდვების შეფასება |
| 700 1# - ADDED ENTRY--PERSONAL NAME |
| Personal name |
Schmitz, Thomas J. |
| 942 ## - ADDED ENTRY ELEMENTS (KOHA) |
| Source of classification or shelving scheme |
|
| Koha item type |
Books |
| Edition |
3 |